| 000 | 00445nam a2200169 a 4500 | ||
|---|---|---|---|
| 001 | 19678 | ||
| 005 | 20180713213139.0 | ||
| 008 | 140415s1991 000 0 spa d | ||
| 020 | _a9684525036 | ||
| 041 | _aspa | ||
| 082 |
_a364.36 _bTOC |
||
| 100 | 1 | _aTOCAVEN GARCIA, ROBERTO | |
| 245 | 1 | 0 | _aELEMENTOS DE CRIMINOLOGIA INFANTO-JUVENIL |
| 260 |
_a[s.l.] : _bPORRUA, _c1991 |
||
| 300 | _a169 | ||
| 650 | 1 | 4 |
_aCRIMINALES _xJOVENES |
| 999 |
_c19678 _d19678 |
||